|
|
|
|
| LEADER |
00000cam a2200000 7i4500 |
| 001 |
0000000155 |
| 005 |
20020802.0 |
| 020 |
0 |
0 |
|a 983812009X
|
| 090 |
0 |
0 |
|a R583.121095983
|b PHI 1996
|
| 100 |
1 |
0 |
|a PHILLIPPS
|h Anthea
|
| 245 |
1 |
0 |
|a Pitcher-plants of Borneo
|c Anthea Phillipps and Anthony Lamb, with watercolour paintings by Susan M. Phillipps; foreword by Tan Jiew Hoe
|
| 260 |
0 |
0 |
|a Kota Kinabalu, Sabah :
|b Natural History Pub. ,
|c 1996
|
| 300 |
|
|
|a ix, 171 p. :
|b ill. (some col.) ;
|c 26 cm.
|
| 500 |
0 |
0 |
|a Bibliography: [p. 161-167] and index
|
| 650 |
0 |
0 |
|a Pitcher-plants of Borneo
|
| 650 |
0 |
0 |
|a Pitcher-plants
|x Classification
|
| 650 |
0 |
0 |
|a Pitcher-plants
|x Habit
|
| 650 |
0 |
0 |
|a Pitcher-plants
|z Borneo
|x History
|
| 700 |
0 |
1 |
|a Lamb
|h Anthony
|
| 700 |
0 |
1 |
|a PHILLIPPS
|h Susan M.
|
| 700 |
0 |
1 |
|a Tan
|h Jiew Hoe
|
| 998 |
|
|
|a JPSM
|
| 999 |
|
|
|a 0000001339
|b Monograph
|c Reference
|e Default branch
|